Understanding and evaluating methodologies: NIMSAD, a systematic framework (Record no. 8816)
[ view plain ]
| 000 -LEADER | |
|---|---|
| fixed length control field | 00612 a2200169 4500 |
| 020 ## - INTERNATIONAL STANDARD BOOK NUMBER | |
| International Standard Book Number | 0077078829 |
| 040 ## - CATALOGING SOURCE | |
| Original cataloging agency | DLC |
| Language of cataloging | DLC |
| 100 10 - MAIN ENTRY--PERSONAL NAME | |
| Personal name | Jayaratna, Nimal |
| 245 10 - TITLE STATEMENT | |
| Title | Understanding and evaluating methodologies: NIMSAD, a systematic framework |
| Remainder of title | : NIMSAD, a systematic framework |
| Statement of responsibility, etc. | Nimal Jayaratna. |
| 260 0# - PUBLICATION, DISTRIBUTION, ETC. | |
| Place of publication, distribution, etc. | London |
| -- | ; New York |
| Name of publisher, distributor, etc. | : McGraw-Hill |
| Date of publication, distribution, etc. | , c1994. |
| 300 ## - PHYSICAL DESCRIPTION | |
| Extent | xix, 259 p. |
| Other physical details | : ill. |
| 440 #4 - SERIES STATEMENT/ADDED ENTRY--TITLE | |
| Title | The McGraw-Hill information systems, management and strategy series. |
| 650 #0 - SUBJECT ADDED ENTRY--TOPICAL TERM | |
| Topical term or geographic name entry element | Management information systems. |
| 650 #0 - SUBJECT ADDED ENTRY--TOPICAL TERM | |
| Topical term or geographic name entry element | System design. |
| 650 #0 - SUBJECT ADDED ENTRY--TOPICAL TERM | |
| Topical term or geographic name entry element | Problem solving. |
| 942 ## - ADDED ENTRY ELEMENTS (KOHA) | |
| Koha item type | Book |
| Call number prefix | 658.4038 JAY |
| Source of classification or shelving scheme | |
| Withdrawn status | Lost status | Damaged status | Not for loan | Collection code | Permanent Location | Current Location | Shelving location | Date acquired | Source of acquisition | Cost, normal purchase price | Total Checkouts | Full call number | Barcode | Date last seen | Price effective from | Koha item type |
|---|---|---|---|---|---|---|---|---|---|---|---|---|---|---|---|---|
| Central Library (CL) | Central Library (CL) | General Stacks | 09/02/2006 | Donation | 0.00 | 658.4038 JAY | SEECS007520 | 11/14/2012 | 01/05/2017 | Book |
